Hasta Abajo - Kevin Roldán, Bryant Myers, Lyanno - Estadísticas

Estadísticas generales
  • Esta prueba ha sido intentada 29 veces
  • La puntuación promedio es 306 de 494
Estadísticas de respuestas
Letra % Correcto
a
100%
que
100%
Qué
100%
Que
100%
¿qué
100%
100%
se
100%
en
92%
En
92%
Es
92%
es
92%
La
92%
la
92%
me
92%
92%
92%
tu
92%
Tu
92%
un
92%
abajo
85%
de
85%
hasta
85%
rico
85%
sin
85%
te
85%
Te
85%
Una
85%
y
85%
Y
85%
yo
85%
Yo
85%
bebé
77%
como
77%
Como
77%
da
77%
dándole
77%
del
77%
está'
77%
está'?
77%
está
77%
mi
77%
77%
ti
77%
al
69%
atracción
69%
bajo
69%
dulce
69%
G
69%
no
69%
pa'
69%
ritmo
69%
si
69%
Si
69%
tiene'
69%
Tiene
69%
Acabo
62%
así
62%
cosa
62%
don
62%
¿dónde
62%
Donde
62%
el
62%
El
62%
entre
62%
eso
62%
Hace
62%
hace'
62%
las
62%
Le
62%
le
62%
lo
62%
lo'
62%
necesidad
62%
otra
62%
Quiero
62%
quiero
62%
sensación
62%
toca
62%
voy
62%
aterrizar
54%
brincando
54%
cabalgar
54%
con
54%
cuarto
54%
Ella
54%
encima
54%
estás
54%
esté'
54%
fuera
54%
ganas
54%
hubo
54%
ir
54%
llevarte
54%
Medellín
54%
mirando
54%
nota
54%
otro'
54%
por
54%
quiere'
54%
rato
54%
Tenerte
54%
tenerte
54%
tengo
54%
unas
54%
Bajarte
46%
chiquitita
46%
desde
46%
éxtasis
46%
fantasía
46%
foto
46%
grandota'
46%
igual
46%
mamacita
46%
Mercedes
46%
mío
46%
mirándome
46%
Montarte
46%
nalga'
46%
noté
46%
pegué
46%
Ponerte
46%
sentir
46%
shopping
46%
su
46%
tocarte
46%
algo
38%
aquí
38%
Baby
38%
baby
38%
besé
38%
cantar
38%
edad
38%
estaba
38%
Hola
38%
loco
38%
mayor
38%
mía
38%
nalgas
38%
nivele'
38%
Parecía
38%
pared
38%
secundaria
38%
serpiente
38%
también
38%
tentarme
38%
ve
38%
área'
31%
atrae
31%
boca
31%
coloqué
31%
cuando
31%
cuerpo
31%
encanta
31%
encuernao'
31%
envidiosas
31%
eres
31%
esa
31%
estado
31%
exmarido
31%
gané
31%
había
31%
hacer?
31%
Jockey
31%
labia
31%
les
31%
llevé
31%
Loquita
31%
media
31%
olvidarte
31%
Pero
31%
pero
31%
piel
31%
piquete
31%
punto
31%
querer
31%
rabia
31%
tímida
31%
tirar
31%
tocando
31%
Todo
31%
toqué
31%
trae
31%
tussy
31%
varias
31%
volverte
31%
arrancarte
23%
bobo
23%
caleta
23%
cama
23%
Cherokee
23%
choqué
23%
completa
23%
desnúdate
23%
Diciéndote
23%
Dime
23%
dimensión
23%
Ese
23%
ese
23%
espalda
23%
espaldas
23%
explorando
23%
gusta
23%
lúcete
23%
meta
23%
necesita
23%
oído
23%
olvide
23%
regando
23%
solicita
23%
Trépate
23%
Ven
23%
viajando
23%
abiertita
15%
condone'
15%
eh
15%
grosería'
15%
irrita
15%
lobo
15%
movimiento
15%
ropa
15%
suavecita
15%
vamo'
15%
Acuéstate
8%
bomber
8%
cremita
8%
dejé
8%
Ey
8%
karioki
8%
Ponte
8%
woki
8%
arranco
0%
falda
0%
No se encontraron pruebas coincidentes
Distribución de puntuación
Porcentaje de gente con cada puntuación
Porcentaje por número respondido
Historial de tus puntuaciones
No has intentado esta prueba.